Every Song by the Libertines - Statistics

General Stats
  • This quiz has been taken 13 times
  • The average score is 27 of 74
Answer Stats
Album Song % Correct
I Get Along(2003) Don't Look Back into the Sun
90%
Up the Bracket(2002) Time for Heroes
90%
All Quiet on the Eastern Esplanade(2024) Run Run Run
80%
Up the Bracket(2002) Up the Bracket
80%
The Libertines(2004) Can't Stand Me Now
70%
All Quiet on the Eastern Esplanade(2024) Baron's Claw
60%
Up the Bracket(2002) Boys in the Band
60%
Up the Bracket(2002) Death on the Stairs
60%
Up the Bracket(2002) I Get Along
60%
All Quiet on the Eastern Esplanade(2024) Shiver
60%
Up the Bracket(2002) Begging
50%
Anthems for Doomed Youth(2015) Gunga Din
50%
Up the Bracket(2002) Horror Show
50%
Time for Heroes – The Best of The Libertines(Bonus)(2007) Horrorshow
50%
All Quiet on the Eastern Esplanade(2024) Merry Old England
50%
The Libertines(2004) Music When the Lights Go Out
50%
All Quiet on the Eastern Esplanade(2024) Mustangs
50%
Up the Bracket(2002) Tell the King
50%
Up the Bracket(2002) Vertigo
50%
Up the Bracket(Bonus)(2002) What a Waste
50%
The Libertines(2004) What Became of the Likely Lads
50%
Anthems for Doomed Youth(2015) Anthem for Doomed Youth
40%
Anthems for Doomed Youth(Bonus)(2015) Bucket Shop
40%
The Libertines(Bonus)(2004) France
40%
Anthems for Doomed Youth(2015) Heart of the Matter
40%
The Libertines(2004) Last Post on the Bugle
40%
All Quiet on the Eastern Esplanade(2024) Oh Shit
40%
The Libertines(2004) Road to Ruin
40%
Time for Heroes(2003) The Delaney
40%
Time for Heroes – The Best of The Libertines(2007) The Delaney
40%
Up the Bracket(2002) The Good Old Days
40%
The Libertines(2004) The Ha Ha Wall
40%
The Libertines(2004) What Katie Did
40%
Anthems for Doomed Youth(2015) You're My Waterloo
40%
Time for Heroes(2003) 7 Deadly Sins
30%
The Libertines(2004) Arbeit Macht Frei
30%
Time for Heroes(2003) Bangkok
30%
The Libertines(Bonus)(2004) Cyclops
30%
Anthems for Doomed Youth(2015) Dead for Love
30%
The Libertines(2004) Don't Be Shy
30%
Anthems for Doomed Youth(2015) Fame and Fortune
30%
Anthems for Doomed Youth(2015) Glasgow Coma Scale Blues
30%
Anthems for Doomed Youth(2015) Iceman
30%
All Quiet on the Eastern Esplanade(2024) I Have a Friend
30%
Anthems for Doomed Youth(Bonus)(2015) Love on the Dole
30%
Anthems for Doomed Youth(Bonus)(2015) Lust of the Libertines
30%
All Quiet on the Eastern Esplanade(2024) Man with the Melody
30%
Up the Bracket(Bonus)(2002) Mayday
30%
The Libertines(2004) Narcissist
30%
All Quiet on the Eastern Esplanade(2024) Night of the Hunter
30%
Don't Look Back into the Sun(2003) Plan A
30%
Up the Bracket(2002) Radio America
30%
Don't Look Back into the Sun(2003) Skint and Minted
30%
All Quiet on the Eastern Esplanade(2024) Songs They Never Play on the Radio
30%
The Libertines(2004) The Man Who Would Be King
30%
Anthems for Doomed Youth(2015) The Milkman's Horse
30%
The Libertines(2004) The Saga
30%
The Libertines(2004) Tomblands
30%
All Quiet on the Eastern Esplanade(2024) Be Young
20%
The Libertines(2004) Campaign of Hate
20%
Up the Bracket(Hidden)(2002) Mocking Bird
20%
Time for Heroes(2003) General Smuts
20%
Don't Look Back into the Sun(2003) Mockingbird
20%
Up the Bracket(2002) The Boy Looked at Johnny
20%
Anthems for Doomed Youth(2015) Barbarians
10%
Anthems for Doomed Youth(2015) Belly of the Beast
10%
The Libertines(Bonus)(2004) Dilly Boys
10%
The Libertines(Bonus)(2004) I Got Sweets
10%
The Libertines(Bonus)(2004) Never Never
10%
Time for Heroes(2003) Skag & Bone Man
10%
The Libertines(Bonus)(2004) What a Waster
10%
Anthems for Doomed Youth(2015) Fury of Chonburi
0%
Don't Look Back into the Sun(2003) Mr. Finnegan
0%
Anthems for Doomed Youth(Bonus)(2015) Over It Again
0%
No matching quizzes found
Score Distribution
Percent of People with Each Score
Percentile by Number Answered
Your Score History
You have not taken this quiz